000 00284nam a2200121Ia 4500
008 190216s9999||||xx |||||||||||||| ||und||
100 _aThanulingom
245 0 _aResearch Methodology
260 _bHimalaya Publishing House
_c2001
300 _a154p
650 _aCommerce
942 _cBK
999 _c6798
_d6798